100 bài thơ tình tuổi học trò

Sách gồm những bài thơ tình yêu dành cho tuổi học trò hồn nhiên, trong sáng

Αποθηκεύτηκε σε:
Λεπτομέρειες βιβλιογραφικής εγγραφής
Μορφή: Βιβλίο
Γλώσσα:Undetermined
Έκδοση: Hà Nội Văn học 2012
Θέματα:
Ετικέτες: Προσθήκη ετικέτας
Δεν υπάρχουν, Καταχωρήστε ετικέτα πρώτοι!
Thư viện lưu trữ: Trung tâm Học liệu Trường Đại học Cần Thơ
LEADER 00685nam a2200193Ia 4500
001 CTU_174897
008 210402s9999 xx 000 0 und d
020 |c 26000 
082 |a 895.9221 
082 |b M458 
245 0 |a 100 bài thơ tình tuổi học trò 
245 0 |c Vân Anh (Sưu tầm và tuyển chọn) 
260 |a Hà Nội 
260 |b Văn học 
260 |c 2012 
520 |a Sách gồm những bài thơ tình yêu dành cho tuổi học trò hồn nhiên, trong sáng 
650 |a Love poetry, Vietnamese,Thơ tình yêu Việt Nam 
904 |i Trân, Năm 
980 |a Trung tâm Học liệu Trường Đại học Cần Thơ